vampires smp who turned in order. - Statistics

General Stats
  • This quiz has been taken 160 times
    38 since last reset
  • The average score is 8 of 9
Answer Stats
Hint Answer % Correct
turned in episode 1 Pyro
100%
turned in episode 2 Shubble
97%
#1 turned in episode 3 apo
94%
#1 turned in episode 5 Avid
94%
#2 turned in episode 3 Cleo
94%
#2 turned in episode 5 Drift
94%
turned in episode 7 sausage
94%
#1 turned in episode 8 Legundo
91%
#2 turned in episode 8 pearl
91%
No matching quizzes found
Score Distribution
Percent of People with Each Score
Percentile by Number Answered
Your Score History
You have not taken this quiz since the last reset